书目信息 |
| 题名: |
中国盗墓传奇
|
|
| 作者: | 岳南 , 商成勇 , 许志龙 著 | |
| 分册: | ||
| 出版信息: | 北京 中国画报出版社 2007 |
|
| 页数: | 326页 | |
| 开本: | 24cm | |
| 丛书名: | ||
| 单 册: | ||
| 中图分类: | I253.9 | |
| 科图分类: | ||
| 主题词: | 报告文学--中国--现代 , 盗窃--陵墓--中国--史料 , 报告文学 , 盗窃 , 陵墓 | |
| 电子资源: | ||
| ISBN: | 978-7-80220-208-5 | |
| 000 | 01024nam0 2200301 450 | |
| 001 | 1256438143 | |
| 005 | 20121014154105.90 | |
| 010 | @a978-7-80220-208-5@dCNY29.80 | |
| 100 | @a20080102d2007 em y0chiy50 ea | |
| 101 | 0 | @achi |
| 102 | @aCN@b110000 | |
| 105 | @aa z 000zd | |
| 200 | 1 | @a中国盗墓传奇@Azhong guo dao mu chuan qi@f岳南, 商成勇, 许志龙著 |
| 210 | @a北京@c中国画报出版社@d2007 | |
| 215 | @a326页@c图@d24cm | |
| 314 | @a许志龙(1968~),陕西渭南合阳县人。著有:《洪荒》、《历史的革命》等。 | |
| 330 | @a本书包括:悲剧的诞生、先秦:盗墓史的发端、秦陵迷雾、汉代陵墓之劫、魏晋南北朝盗墓狂潮、众说纷纭话隋陵、唐陵风雨等共十三章内容。 | |
| 606 | 0 | @a报告文学@y中国@z现代 |
| 606 | 0 | @a盗窃@x陵墓@y中国@j史料 |
| 606 | 0 | @a报告文学 |
| 606 | 0 | @a盗窃 |
| 606 | 0 | @a陵墓 |
| 690 | @aI253.9@v4 | |
| 701 | 0 | @a岳南@Ayue nan@f(1963~)@4著 |
| 701 | 0 | @a商成勇@Ashang cheng yong@f(1966~)@4著 |
| 701 | 0 | @a许志龙@Axu zhi long@f(1968~)@4著 |
| 801 | 0 | @aCN@bNLC@c20101222 |
| 905 | @a10447@dI253.9@eJY102 | |
| 中国盗墓传奇/岳南, 商成勇, 许志龙著.-北京:中国画报出版社,2007 |
| 326页:图;24cm |
| ISBN 978-7-80220-208-5:CNY29.80 |
| 本书包括:悲剧的诞生、先秦:盗墓史的发端、秦陵迷雾、汉代陵墓之劫、魏晋南北朝盗墓狂潮、众说纷纭话隋陵、唐陵风雨等共十三章内容。 |
| ● |
| 相关链接 |
|
|
|
|
正题名:中国盗墓传奇
索取号:I253.9/JY102
 
预约/预借
| 序号 | 登录号 | 条形码 | 馆藏地/架位号 | 状态 | 备注 |
| 1 | 7818672 | 278186721 | 学院路分馆/ [索取号:I253.9/JY102] | 在馆 |